Preventing entry into poverty due to health shocks: an exploratory analysis (Record no. 501955)

000 -LEADER
fixed length control field 00562cam a22001457a 4500
008 - FIXED-LENGTH DATA ELEMENTS--GENERAL INFORMATION
fixed length control field 180718b2010 xxu||||| |||| 00| 0 eng d
082 ## - DEWEY DECIMAL CLASSIFICATION NUMBER
Classification number APPPA 2009-10/KAB
100 ## - MAIN ENTRY--PERSONAL NAME
Personal name Kabra, Shaleen
245 ## - TITLE STATEMENT
Title Preventing entry into poverty due to health shocks: an exploratory analysis
Statement of responsibility, etc. by Shaleen Kabra
260 ## - PUBLICATION, DISTRIBUTION, ETC.
Place of publication, distribution, etc. New Delhi
Name of publisher, distributor, etc. Indian Institute of Public Administration
Date of publication, distribution, etc. 2010
300 ## - PHYSICAL DESCRIPTION
Extent 79p.
500 ## - GENERAL NOTE
General note An APPPA M. Phil dissertation, 2009-10 (Guide: Prof. Aasha Kapur Mehta)
650 ## - SUBJECT ADDED ENTRY--TOPICAL TERM
Topical term or geographic name entry element Poor --Medical care --India
650 ## - SUBJECT ADDED ENTRY--TOPICAL TERM
Topical term or geographic name entry element Poor --Health and hygiene --India
Holdings
Withdrawn status Lost status Damaged status Not for loan Permanent Location Current Location Date acquired Full call number Barcode Date last seen Price effective from Koha item type
        Indian Institute of Public Administration Indian Institute of Public Administration 2018-08-04 APPPA 2009-10/KAB GR18518 2018-08-04 2018-08-04 GR

Powered by Koha